Регионална библиотека "Любен Каравелов" - Русе

Уйлям Блейк (Запис номер 94297)

MARC детайли
000 -Лидер
Контролно поле с фиксирана дължина 01426nam a2200361 c 4500
003 - Код на организацията, давaща контролен номер
Контролно поле BLK
005 - Дата и час на последна редакция
Контролно поле 20180422104914.0
008 - Елементи от данни с фиксирана дължина
fixed length control field 180408b bul|||||r ||||||| ||bul||
010 ## - Наследен системен номер
LC control number KNG00099118000
040 ## - Източник на каталожния запис
Идентификатор на билиотеката - собственик на записа BLK
041 ## - Код за език
Код за езика на текст/звукозапис или на отделно заглавие Български
Код за езика КДБФ Български
080 ## - УДК
Текстов определител УДК Живопис - художници
УДК код - определител по УДК 75.071.1
УДК определител (420)(092)
УДК - код + определител 75.071.1(420)(092)
080 ## - УДК
Текстов определител УДК Английски поет и художник
УДК код - определител по УДК 929 Блейк, Уилям
УДК определител
УДК - код + определител 929 Блейк, Уилям
100 1# - Редна дума - Автор
Автор Богомилова, Долорес
Авторска отговорност първи автор
R(LIN) 305863
139 ## - Редно поле
Редна дума Богомилова, Долорес
Авторски знак Бле - Б 48
245 10 - Сведения за заглавието
Заглавие Уйлям Блейк
Подзаглавни данни Жизнен и творчески път
Редно поле (дума) Долорес Богомилова.
257 ## - Страна на издаване
Страна на създаване/издаване България
260 ## - Област на издателските данни
-- София
Име на издателя, разпространителя и проч. Бълг. художник
Година на издаване 1984
300 ## - Физическа характеристика
Страници 112 с., 16 л.
Илюстрации и др. репрод.
Размери/Мащаб 16 см
380 ## - Жанр
Жанр Изкуство
490 1# - СЕРИИ (Колекции)
Име на серия Библиотека Епохи, майстори, шедьоври
600 14 - Име на лице, използвано като предмет
За него / За нея Блейк, Уилям
9 (RLIN) 366373
650 #4 - Допълнително описание по предмет – тема
Основно описание – тема или топоним Художници, английски
9 (RLIN) 264353
650 #4 - Допълнително описание по предмет – тема
Основно описание – тема или топоним Блейк, Уилям
9 (RLIN) 366373
651 #4 - Допълнително описание по предмет - топоним
Географско понятие Великобритания
9 (RLIN) 178698
653 ## - Ключова дума – ненормативна
Ключова дума Уилям Блейк
653 ## - Ключова дума – ненормативна
Ключова дума художници
852 ## - Местоположение
Форматна сигнатура Цб І 21299
856 4# - Електронен адрес и достъп
Електронен формат pdf - файл
Път до файла /url/
856 4# - Електронен адрес и достъп
Електронен формат pdf - файл
Път до файла /url/
942 ## - АРТИКУЛИ
Вид на библиотечния материал Книги
Скрит в OPAC Не
944 ## - СЪЗДАВАНЕ И РЕДАКЦИЯ на ЗАПИСА
Създаване/Редакция Създаване
Дата на регистрацията/редакция 22.01.2011
Статус, дата на статуса добави в АБ / 21.01.2011
Служител, извършил регистрацията/редакцията Ирена_Линкова
944 ## - СЪЗДАВАНЕ И РЕДАКЦИЯ на ЗАПИСА
Създаване/Редакция Редакция
Дата на регистрацията/редакция 13.06.2013
Статус, дата на статуса добави в АБ / 21.01.2011
Служител, извършил регистрацията/редакцията
999 ## - СИСТЕМНИ КОНТРОЛНИ НОМЕРА
Koha biblionumber 94297
Koha biblioitemnumber 94297
Наличности
Код за отписване Код за изгубен артикул Източник на класификационната схема Код за повреда Коз за рестрикции Код за отдаване Артикулен № Име на библиотеката - собственик Име на библиотеката, в която се намира в момента Статус (Текущо местоположение) Дата на вписване в системата Местоположение - отдел Цена в лева Инвентарен номер Систематично азбучна сигнатура Баркод Номер на екземпляра Цена в евро Служебна бележка Служебен тип на артикула
Изтеглен Не е изгубен Universal Decimal Classification Не е повреден без рестрикции ползва се в читалня 151440 Регионална библиотека "Любен Каравелов" Русе Регионална библиотека "Любен Каравелов" Русе Отдел Изкуство - читалня 1984-01-01 Отдел Изкуство - читалня 0.00 413505 И 75(092)/Б 48 413505 1 0.00 N: стар фонд Дата: 01.01.1984 Дата инв: 07.06.2012 Бележки инв: * Книги
  Не е изгубен Universal Decimal Classification Не е повреден без рестрикции ползва се в читалня 151441 Регионална библиотека "Любен Каравелов" Русе Регионална библиотека "Любен Каравелов" Русе Хранилище 1984-01-01 Хранилище 1.00 412326 Цб І 21299 120000412326 2 0.51 Дост: Dp Вид: Д N: стар онд Дата: 01.01.1984 Книги
Изтеглен Не е изгубен Universal Decimal Classification Не е повреден без рестрикции заемане за дома 151442 Регионална библиотека "Любен Каравелов" Русе Регионална библиотека "Любен Каравелов" Русе Отдел Изкуство - подръчен фонд 1984-01-01 Отдел Изкуство - подръчен фонд 0.00 413503 ИП 75(092)/Б 48 413503 3 0.00 Дост: Pk Вид: Ф N: стар фонд Дата: 01.01.1984 Дата инв: 13.02.2015 Бележки инв: ИП2015 Книги
Vip Innovations Ltd, Rousse, Bulgaria 2025